Cultural Capital and Educational Transmissions: An Essay on Basil Bernstein, Class, Codes and Control: Vol. III - Towards a Theory of Educational Transmissions (Record no. 512437)

000 -CABECERA
Campo de control de longitud fija 00612nab a2200157Ia 4500
003 - IDENTIFICADOR DEL NÚMERO DE CONTROL
Campo de control ES-SlBCS
005 - FECHA Y HORA DE LA ÚLTIMA TRANSACCIÓN
Campo de control 20210601124307.0
008 - CÓDIGOS DE INFORMACIÓN DE LONGITUD FIJA
Campo de control de longitud fija 140529s1978 xxu||||| |||| 00| 0 eng d
041 ## - CÓDIGO DE LENGUA
Código de lengua del texto/banda sonora o título independiente eng
100 1# - PUNTO DE ACCESO PRINCIPAL-NOMBRE DE PERSONA
Nombre de persona Apple, Michael W.
9 (RLIN) 139283
245 00 - MENCIÓN DE TÍTULO
Título Cultural Capital and Educational Transmissions: An Essay on Basil Bernstein, Class, Codes and Control: Vol. III - Towards a Theory of Educational Transmissions
Mención de responsabilidad, etc. Michael W. Apple, Philip Wexler
600 14 - PUNTO DE ACCESO ADICIONAL DE MATERIA-NOMBRE DE PERSONA
Nombre personal Bernstein, Basil
9 (RLIN) 139284
700 1# - PUNTO DE ACCESO ADICIONAL-NOMBRE DE PERSONA
Nombre de persona Wexler, Philip
9 (RLIN) 139285
773 0# - ENLACE AL DOCUMENTO FUENTE
Título Educational Theory
Parte(s) relacionada(s) vol. 28, nº. 1, 1978, págs. 34-43
Número de control del registro relacionado Rev1399
942 ## - ENTRADA DE ELEMENTOS AGREGADOS (KOHA)
Koha [por defecto] tipo de item Artículos de revista
Holdings
Suprimido Perdido Estropeado No para préstamo Localización permanente Localización actual Localización en estantería Fecha adquisición Préstamos totales Fecha última consulta Fecha del precio de reemplazo Tipo de item de Koha
        San Esteban San Esteban Depósito de revistas 11/07/2014   11/07/2014 11/07/2014 Artículos de revista

Bibliotecas Dominicos Provincia Hispania, 2016

Con tecnología Koha